| 000 | 00685nam a2200241Ia 4500 | ||
|---|---|---|---|
| 003 | OSt | ||
| 005 | 20220928125048.0 | ||
| 006 | a|||||r|||| 00| 0 | ||
| 007 | ta | ||
| 008 | 220927b |||||||| |||| 00| 0 eng d | ||
| 024 | _a24963 | ||
| 037 | _cTextual | ||
| 040 |
_aSDCL _cSDCL _beng |
||
| 041 |
_2eng _aeng |
||
| 082 | _aO113,1L49,1, L4 | ||
| 100 |
_aGothe Johann Wolfgang Von _9467858 |
||
| 245 | 0 | _aFaust. | |
| 260 |
_aNew York _b Manchester University Press _c1974 |
||
| 300 |
_axvii,157p _ccm. |
||
| 700 |
_a Prudhoe John Tr. _9467859 |
||
| 942 |
_hO113,1L49,1, L4 _cTEXL _2CC |
||
| 999 |
_c780753 _d780753 |
||